Conocer el mundo : enciclopedia salvat de todos los países :
Guardado en:
| Formato: | Libro |
|---|---|
| Publicado: |
Pamplona :
Salvat,
1975
|
| Materias: | |
| Etiquetas: |
Agregar Etiqueta
Sin Etiquetas, Sea el primero en etiquetar este registro!
|
| LEADER | 00615nam a22001695a 4500 | ||
|---|---|---|---|
| 001 | CEM.cems012818 | ||
| 005 | 20080401115919.0 | ||
| 008 | 130507s1975##################000#0#####d | ||
| 003 | CEMS | ||
| 020 | |a 847137451X | ||
| 082 | 0 | 4 | |a C910 |
| 245 | 0 | 0 | |a Conocer el mundo : |b enciclopedia salvat de todos los países : |
| 260 | |a Pamplona : |b Salvat, |c 1975 | ||
| 505 | 0 | |a Africa -- Marruecos -- Argelia -- Tunicia -- Libia -- Egipto -- Sudán -- Etiopía -- Somalía -- Yibuti -- Kenia -- Uganda -- Tanzania | |
| 653 | |a Geografía | ||
| 653 | |a Geografía general | ||
| 859 | |a CEMS |b BIB. CEMS - 11 de abril |h C910 |i Sa38 |p 25033.08 |t Ej.1 |v X |3 X | ||
